|
|
|
|
| LEADER |
00622nab a2200181 i 4500 |
| 001 |
tisza15989 |
| 005 |
20200330153751.0 |
| 008 |
161123s1995 hu o 0|| hun d |
| 022 |
|
|
|a 0133-1167
|
| 040 |
|
|
|a SZTE Tiszatáj Archívum
|b hun
|
| 041 |
|
|
|a hun
|
| 100 |
1 |
|
|a Simai Mihály
|
| 245 |
1 |
0 |
|a Vesztesek ; sajgó álmodba át- ; hol van már az a gyönyörű...
|h [elektronikus dokumentum] :
|b [versek] /
|c Simai Mihály
|
| 260 |
|
|
|c 1995
|
| 300 |
|
|
|a 28-29
|
| 490 |
0 |
|
|a Tiszatáj
|v 49 No. 8
|
| 695 |
|
|
|a Magyar irodalom - vers
|
| 856 |
4 |
0 |
|u http://tiszataj.bibl.u-szeged.hu/15989/1/tiszataj_1995_008_028-029.pdf
|z Dokumentum-elérés
|